000 00956cam a22003017a 4500
003 CHAP
005 20220329142338.0
008 971010s1987 mx a r 00010 spa d
010 _a82095
011 _a83067
035 _a93575
040 _cCHAP
082 0 4 _a720
_bD44
100 0 0 _aDeffis Caso, Armando.
_931499
245 1 3 _aLa casa ecológica autosuficiente :
_bpara climas templado y frío
260 _aMéxico, D.F. :
_bArbol,
_c1994
300 _a348, [24] p. :
_bilus. ; anexo
590 _aBATCH-UPD
_b10
_c20130110
_lUCH01
_h1450
590 _aBATCH-UPD
_b10
_c20130410
_lUCH01
_h0917
590 _aBATCH-UPD
_b10
_c20130914
_lUCH01
_h0400
590 _aCONVERSION
_b10
_c20130109
_lUCH01
_h1346
650 1 4 _aArquitectura ecológica.
_97379
650 1 4 _aEnergía solar.
_936911
901 _aBK
905 _aBlanca M. García O.
942 _cLIBRO
949 _a697.7923 D4
_bBC
_cMUT
_d33724000777132
_eMUT
_gI.203169
_h97650
_i93575
_si
_t$167.00
999 _c82095
_d82095